MDQL
is popping MORE tags! Check the
thread
!
Quizzes
Events
Quiz Creation
Community
Videos
Private Events
Remove Ads
Sign In
Join for FREE
Feedback
Dark Mode
Quiz Categories
Sports
Geography
Music
Movies
Television
Just For Fun
Miscellaneous
History
Literature
Language
Science
Gaming
Entertainment
Religion
Holiday
For Kids
Quiz Lab
Recent
Popular Today
Quiz Kudos Today
Editor Picks
Curator Picks
Quizzes by...
Day
Popularity
Type
Ratings
Length
Year
Community
Subscriptions
Recent Discussions
Orange Saloon
Badges
Playlists
Quests
Create
Leaderboards
Showdown
Live 5
Trivia Bingo
Activity
Puzzle Library
Sporcle Events
Private Events
Virtual Trivia
Globe League
Become a Host
Pub Owners
SporcleCon
Opinionation
Our Games
Videos
Blog
Mobile Apps
Partnerships
Remove Ads and Go Orange
Feedback
Language
Vocabulary
Begins and Ends
Definition
Spanish
French
German
Italian
Chinese
Latin
Translation
Japanese
Language
Vocabulary
Begins and Ends
Definition
Spanish
French
German
Italian
Chinese
Latin
Translation
Japanese
Random Quiz
Search Sporcle
×
Quiz Lab
Quiz Lab
Language
Expert
Type in answers that appear in a list
Type in answers that appear in a list
Classic
Best Score? Go Orange.
Name That Expert Stats
Can you name the object of study or expertise?
By
djsillyputty
9m
27 Questions
169 Plays
169 Plays
169 Plays
Comments
Comments
Give Quiz Kudos
Give Quiz Kudos
-
- Ratings
hide this ad
Random Order
Randomize order of answers
Randomize order of answers
Replay
Link that replays current quiz
Next Quiz
Link to next quiz in quiz playlist
You Got
0%
They Got
Avg Score
46%
Avg Friend Score
Upgrade to see
Score Distribution
Jump to the score distribution portion of the page
Score
0/27
Timer
09:00
0
Plays Today
An -Ist
Studies, Collects, or Specializes In
% Correct
seismologist
earthquakes
88.2%
ornithologist
birds
78.7%
bibliopolist
rare books
78.1%
hematologist
blood
76.3%
entomologist
insects
69.2%
etymologist
word origins
68.6%
mixologist
cocktails
63.9%
citriculturist
citrus fruits
63.9%
pathologist
disease
60.4%
cryptologist
codes/puzzles
59.8%
taxidermist
dead animals
59.8%
ichthyologist
fish
56.2%
herpetologist
amphibians/reptiles
48.5%
philatelist
stamps
47.9%
An -Ist
Studies, Collects, or Specializes In
% Correct
thanatologist
death
46.7%
apiarist
bees
42%
cytologist
cells
39.6%
nephrologist
kidneys
38.5%
numismatist
coins
33.7%
oenologist
wine
30.8%
lepidopterist
butterflies
30.2%
nematologist
worms
27.2%
cruciverbalist
crossword puzzles
21.9%
lapidist
precious stones
16%
coleopterist
beetles
10.1%
phycologist
algae
4.7%
malacologist
molluscs
2.4%
Quiz Playlist
Details
Report
Send in Message
Add To Playlist
Classic:
Type in answers that appear in a list
Random Order:
Randomize order of answers
Last Updated: Feb 16, 2017
Quiz Scoreboard
CHALLENGE
Sign Up to Join the Scoreboard
Show All
Scores
Hide
Comments
May contain spoilers
Recently Published
1-10 Letter E Words III
by El_Dandy
Language
2m
Street Fighter Characters
by Artimus82
Gaming
60s
College Basketball Coaching Resumes
by pancakes188
Sports
9m
More to Explore
Quiz From the Vault
Featured Blog Post
Where Did the Easter Bunny Come From?
hide this ad
You Might Also Like...
Tags
Expert
object
Study
Today's Top Quizzes in Language
Browse Language
hide this ad
Top Contributed Quizzes in Language
1
1-10 Letter F Words III
2
1-10 Letter G Words III
3
1-10 Letter H Words III
4
Celtic Nations in their Language
5
Alphabetize! : 'As' words
6
1-10 Letter I Words III
7
One Thing in Common: Italy
8
1-10 Letter J Words III
9
Order Up: Top 10 Most Native Spoken Languages
10
Weisst du, aus welchen Sprachen diese Wörter stammen?
Explore More
Trending Topics
Crossword
Harry Potter
NBA
Disney
Marvel
Kpop
Anime
WWE
NFL
The Office
Song
Pokémon
Country
Puzzle
Soccer
hide this ad
More By:
djsillyputty
Quiz
Plays
Rating
Category
Featured
Created
20 Most Anthologized Poems
27,031
4.42
Literature
Apr 24, 2010
NPR Celebrity Match
5,624
4.14
Miscellaneous
May 15, 2010
Celebrities AA to AZ
190
2.00
Miscellaneous
Jul 12, 2010
Celebrities BA to BZ
189
4.50
Miscellaneous
May 8, 2010
Name That Expert
169
3.83
Language
Apr 27, 2010
Go to Creator's Profile
Score Distribution
Quiz Creator Spotlight
djsillyputty
Follow
Send a Message
Quizzes Created
-
Created Quiz Play Count
-
More By This Creator
Popular Quizzes Today
1
Find the US States - No Outlines Minefield
2
Find the Countries of Europe - No Outlines Minefield
3
The Countries of the World
4
Find the US States
5
Risky Map Clicking: Biggest States A-Z
6
US States
7
Popular People in 1961
8
Movies - When Are They Set?
More Language Quizzes
Quick Pick: Extinct Languages
Curator's Pick
Trending Quizzes
Risky Map Clicking: Least Populous States A-Z
Billboard Blitz: Aretha Franklin
Famous Russians: Author or Composer?
Countries of the World: 200 Million BC
1-10 Letter G Words
Recently Updated
Leaping Animals
pecheneg
Reality TV Shows (A-Z)
bhenderson79
Rickey Henderson's Hall of Fame Teammates
pecheneg
Champions League XIs: Arsenal
pecheneg
Quick Pick: Celebrities in WWE's Hall of Fame
aduchscher
A-Z Keypad Blitz II
pecheneg
Multiple Oscar Actors
pecheneg
Mystery Phrase Blitz: Oscar 'Best Actors'
pecheneg
F. Scott Fitzgerald Novels
LTH
Pick 3 Villains
ddd62291
Trending Topics
Disney
Kpop
Harry Potter
Marvel
Crossword
NBA
Anime
Puzzle
Song
The Office
Country
Soccer
WWE
Pokémon
NFL
Your Account Isn't Verified!
In order to create a playlist on Sporcle, you need to verify the email address you used during registration. Go to your
Sporcle Settings
to finish the process.
Report this User
Report this user for behavior that violates our
Community Guidelines
.
Details:
Send Report
Go to the Sporcle.com Mobile Site →
Comments